La formación moral de la juventud / (Record no. 25645)

MARC details
000 -LEADER
campo de control de longitud fija 00559nam a2200193 i 4500
001 - NÚMERO DE CONTROL
campo de control 25645
003 - IDENTIFICADOR DE NÚMERO DE CONTROL
campo de control ES-MaACL
005 - FECHA Y HORA DE LA ÚLTIMA TRANSACCIÓN
campo de control 20230906153316.0
007 - CAMPO FIJO DE DESCRIPCIÓN FÍSICA--INFORMACIÓN GENERAL
campo de control de longitud fija t|
008 - DATOS DE LONGITUD FIJA--INFORMACIÓN GENERAL
campo de control de longitud fija 021227s1969 sp ||||1| spa d
100 1# - ENTRADA PRINCIPAL--NOMBRE DE PERSONA
Nombre de persona Archambault, Paul.
9 (RLIN) 22473
245 13 - MENCIÓN DEL TÍTULO
Título La formación moral de la juventud /
Mención de responsabilidad, etc. Paul Archambault ; [traducción: Mario Estartús].
250 ## - MENCION DE EDICION
Mención de edición [1ª ed.].
260 ## - PUBLICACIÓN, DISTRIBUCIÓN, ETC.
Lugar de publicación, distribución, etc. Barcelona :
Nombre del editor, distribuidor, etc. Miracle,
Fecha de publicación, distribución, etc. [1969]
300 ## - DESCRIPCIÓN FÍSICA
Extensión 132 p. ;
Dimensiones 19 cm.
700 1# - ENTRADA AGREGADA--NOMBRE PERSONAL
Nombre de persona Estartus, Mario.
9 (RLIN) 186570
852 ## - LOCALIZACIÓN
Ubicación ES-MaACL
Número de control de estantería C-51766
Sublocalización o colección R.68827
Holdings
Estatus retirado Estado de pérdida Estado de daño No para préstamo Biblioteca de origen Biblioteca actual Ubicación en estantería Fecha de adquisición Fuente de adquisición Total de préstamos Signatura topográfica completa Código de barras Visto por última vez Precio de reemplazo Tipo de ítem Koha
        Biblioteca del Ateneo de Madrid Biblioteca del Ateneo de Madrid Depósito 2 17/01/2008     C-51766 1026446 23/02/2023 23/02/2023 Libro impreso